000 00577 a2200181 4500
020 _a9789507241826 (pbk.)
020 _a9507241825 (pbk.)
041 _aspa
100 _aLeigh, Susannah
245 _aCiudad Enigma / Susannah Leigh ; disenado e ilustrado por Brenda Haw ; traducido por Alejandro Itzik
260 _aBuenos Aires : Editorial Lumen, c1992.
300 _a32 pages : color illustrations ;
_c28 cm.
440 _aLumen puzzles infantiles.
500 _aTranslation of: Puzzle Town.
700 _aHaw, Brenda
700 _aItzik, Alejandro.
942 _cBK
999 _c21252
_d21252